[Event "WYG18"]
[Site "Batumi GEO"]
[Date "2006.10.25"]
[Round "8"]
[White "Umudova,N"]
[Black "Abrahamyan,T"]
[Result "1-0"]
[WhiteElo "2202"]
[BlackElo "2292"]

1.e4 e6 2.d4 d5 3.Nd2 Be7 4.Ngf3 Nf6 5.e5 Nfd7 6.Bd3 c5 7.c3 Nc6 8.O-O a5
9.Re1 Qb6 10.dxc5 Qc7 11.Nb3 a4 12.Nbd4 Nxc5 13.Bc2 O-O 14.Bg5 Nxe5 15.Nxe5 Bxg5
16.Qh5 h6 17.h4 Bf6 18.Ng4 Bxd4 19.cxd4 Ne4 20.Bxe4 dxe4 21.Re3 Kh7 22.Ne5 f6
23.Rc3 Qd8 24.Qg6+ Kg8 25.Rg3 Qe7 26.Ng4 Bd7 27.Nh2 f5 28.Qxh6 f4 29.Rg5 Rf6
30.Qh5 Be8 31.Qe2 Rh6 32.Qxe4 Rxh4 33.Nf3 Rh6 34.Qxf4 Bc6 35.Ne5 Rf8 36.Qe3 Qd6
37.Qg3 Rh7 38.Qg4 Qd5 39.Ng6 Qd6 40.Nxf8 Qh2+ 41.Kf1 Bb5+ 42.Rxb5  1-0

[Event "USCL"]
[Site "ICC INT"]
[Date "2006.10.25"]
[Round "9"]
[White "Larson,G"]
[Black "Barredo,L"]
[Result "1/2-1/2"]
[WhiteElo "2153"]
[BlackElo "2332"]

1.e4 e6 2.d4 d5 3.Nd2 Nc6 4.Ngf3 Nf6 5.e5 Nd7 6.Be2 f6 7.exf6 Qxf6 8.Nf1 Bd6
9.Ne3 O-O 10.O-O Qg6 11.g3 Nf6 12.Nh4 Qe8 13.f4 Bd7 14.Ng4 Ne7 15.Ne5 Bb5
16.Re1 Bxe5 17.fxe5 Bxe2 18.Qxe2 Ne4 19.Be3 Qa4 20.c3 Nf5 21.Nf3 Nxe3 22.Qxe3 Rf5
23.Nd2 Nxd2 24.Qxd2 Raf8 25.b3 Qb5 26.Qe2 Qb6 27.Rf1 c5 28.Qe3 cxd4 29.cxd4 Qa6
30.Rxf5 Rxf5 31.a4 h6 32.Re1 Rf8 33.Re2 Qc6 34.Rf2 Rxf2 35.Kxf2 Qc2+ 36.Kg1 a6
37.h4 Kh7 38.Kf1 Kh8 39.Ke1 Kg8 40.Kf1 Qb1+ 41.Kf2 Kf7 42.Qf3+ Ke7 43.Qc3 Qf5+
44.Kg2 Qe4+ 45.Kf2 Kd7 46.Qb4 Ke8 47.Qc3 Kd7 48.Qb4 Ke8 49.Qc3 Kd8 50.Qa5+ Ke8
51.Qc3  1/2-1/2

[Event "WYB14"]
[Site "Batumi GEO"]
[Date "2006.10.28"]
[Round "11"]
[White "Adhiban,B"]
[Black "Thavandiran,S"]
[Result "1-0"]
[WhiteElo "2303"]
[BlackElo "2264"]

1.e4 e6 2.d4 d5 3.Nd2 Nc6 4.Ngf3 Nf6 5.e5 Nd7 6.Be2 f6 7.exf6 Qxf6 8.Nf1 Bd6
9.Ne3 O-O 10.O-O Nb6 11.Ng4 Qe7 12.Bg5 Qe8 13.Nfe5 Nxe5 14.dxe5 Be7 15.Qd2 Bd7
16.Bd3 Kh8 17.f4 Bb5 18.Bxe7 Qxe7 19.Rf3 Bxd3 20.Qxd3 Qf7 21.Ne3 Nd7 22.Rh3 g6
23.Rf1 Rad8 24.b4 Qg7 25.c3 Rf7 26.Nc2 c5 27.bxc5 Nxc5 28.Qe3 b6 29.Nd4 Rdf8
30.Rhf3 Rc8 31.Rc1 a6 32.c4 dxc4 33.Rxc4 Rfc7 34.Rf1 Qd7 35.h4 Qd5 36.Rfc1 Rf8
37.a4 Rcf7 38.g3 a5 39.Nb5 Nxa4 40.Nd6 Nc5 41.Rd4 Qc6 42.Nxf7+ Rxf7 43.Rd6 Qb7
44.Rb1 Qe4 45.Qxe4 Nxe4 46.Rxe6 Nxg3 47.Re8+ Kg7 48.e6 Rf8 49.Rxf8 Kxf8 50.Kf2 Nh5
51.Ke3 Ng7 52.Rxb6 Ke7 53.Rb7+ Kf8 54.e7+ Ke8 55.Ke4 a4 56.Ke5 a3 57.Ra7 a2
58.Rxa2 Kxe7 59.Ra7+ Kf8 60.Kf6 Ne8+ 61.Kg5 Kg8 62.Ra8 Kf7 63.Ra7+ Kg8 64.h5 gxh5
65.f5 Nd6 66.Kf6 Ne4+ 67.Ke7 Kg7 68.Ra6 h4 69.Re6 Ng5 70.f6+ Kg8 71.Re1 h6
72.Rg1 Kh7 73.f7 Nxf7 74.Kxf7 h5 75.Kf6  1-0

[Event "14th Chigorin Mem"]
[Site "St-Petersburg RUS"]
[Date "2006.10.28"]
[Round "7"]
[White "Khusnutdinov,R"]
[Black "Gorovykh,E"]
[Result "1-0"]
[WhiteElo "2411"]
[BlackElo "2341"]

1.e4 e6 2.d4 d5 3.Nd2 Nc6 4.Ngf3 Nf6 5.e5 Nd7 6.Be2 f6 7.exf6 Qxf6 8.Nf1 Bd6
9.Ne3 h5 10.c4 Ne7 11.Qb3 c6 12.Bd2 g5 13.h3 a5 14.h4 g4 15.Ng5 a4 16.Qc2 a3
17.O-O-O axb2+ 18.Kb1 b5 19.cxb5 cxb5 20.Bxb5 Ba6 21.Nc4 Bc7 22.Nxe6 Qxe6
23.Rhe1 Qg8 24.Bg5 Rh7 25.Na3 Bd6 26.Bxa6 Bxa3 27.Bb5 Rd8 28.Re3 Bd6 29.Rde1 Rg7
30.Re6 Bb4 31.R1e3 Rxg5 32.hxg5 Qxg5 33.a3 Bxa3 34.Rxa3 Qc1+ 35.Qxc1 bxc1=Q+
36.Kxc1 Kf7 37.Bxd7 Rxd7 38.Rh6 Rc7+ 39.Kd1 Rb7 40.Rxh5 Rb1+ 41.Kc2 Rf1 42.Rh7+  1-0

[Event "Bundesliga 2006-7"]
[Site "Eppingen GER"]
[Date "2006.10.29"]
[Round "2"]
[White "Sebastian,D"]
[Black "Meinhardt,Ma"]
[Result "1/2-1/2"]
[WhiteElo "2377"]
[BlackElo "2378"]

1.e4 e6 2.d4 d5 3.Nd2 Nc6 4.Ngf3 Nf6 5.e5 Nd7 6.Nb3 a5 7.a4 b6 8.Bb5 Ncb8
9.O-O c6 10.Bd3 Ba6 11.Bxa6 Nxa6 12.Qe2 Be7 13.c3 O-O 14.Re1 Nc7 15.Nbd2 b5
16.Nb3 Nb6 17.axb5 a4 18.Nc5 cxb5 19.g3 Nc4 20.h4 Bxc5 21.dxc5 Qe7 22.c6 Qc5
23.Nd4 b4 24.Qg4 Kh8 25.Qh5 a3 26.bxa3 bxc3 27.Nf3 Rab8 28.Ng5 h6 29.Nf3 Kh7
30.Bxh6 gxh6 31.Ng5+ Kg7 32.Qg4 hxg5 33.Qxg5+ Kh7 34.Qh5+  1/2-1/2

[Event "Femida"]
[Site "Kharkiv UKR"]
[Date "2006.11.01"]
[Round "2"]
[White "Arzumanian,G"]
[Black "Lushenkov,M"]
[Result "1-0"]
[WhiteElo "2448"]
[BlackElo "2393"]

1.e4 e6 2.d4 d5 3.Nd2 Be7 4.e5 c5 5.Qg4 Kf8 6.dxc5 Nc6 7.Ngf3 f6 8.Qg3 Bxc5
9.Nb3 Bb6 10.Bf4 fxe5 11.Nxe5 Nf6 12.Nxc6 bxc6 13.Bd3 Kf7 14.Be5 c5 15.Rd1 a5
16.c4 Ra7 17.O-O Rd7 18.Nd2 Rf8 19.Nf3 Kg8 20.Ng5 Qe7 21.Qh3 h6 22.Qxe6+ Qxe6
23.Nxe6 Re8 24.Bxf6 gxf6 25.cxd5 Rxd5 26.Nc7 Rxd3 27.Nxe8 c4 28.Nxf6+ Kf7
29.Nd5 Bd4 30.Rxd3 cxd3 31.Rd1  1-0

[Event "10th OIBM"]
[Site "Bad Wiessee GER"]
[Date "2006.11.05"]
[Round "2"]
[White "Forchert,M"]
[Black "Senk,C"]
[Result "1-0"]
[WhiteElo "2401"]
[BlackElo "2137"]

1.e4 e6 2.d4 d5 3.Nd2 Nc6 4.Ngf3 Nf6 5.e5 Nd7 6.Be2 f6 7.exf6 Qxf6 8.Nf1 Bd6
9.Ne3 O-O 10.O-O Qf7 11.c4 Nf6 12.c5 Bf4 13.g3 Bh6 14.Ng2 Bxc1 15.Qxc1 Ne4
16.Qe3 Bd7 17.Nf4 Qf6 18.Nd3 Ne7 19.Nde5 Be8 20.Ng4 Qf7 21.Nfe5 Nf5 22.Nxf7 Nxe3
23.Nfh6+ gxh6 24.fxe3 h5 25.Rxf8+ Kxf8 26.Ne5 Ke7 27.Bd3 Bg6 28.Rf1 Rf8 29.Rxf8 Kxf8
30.Kg2 Kg7 31.Nxg6 hxg6 32.Bxe4 dxe4 33.g4 hxg4 34.Kg3 g5 35.Kxg4 Kg6 36.b4 c6
37.a3 a6 38.a4 a5 39.b5 cxb5 40.axb5 a4 41.c6 bxc6 42.bxc6 a3 43.c7 a2 44.c8=Q a1=Q
45.Qxe6+ Kg7 46.Qe7+ Kh8 47.Qf8+ Kh7 48.Qf7+ Kh8 49.Qh5+ Kg7 50.Qxg5+ Kf7
51.Qf4+ Kg7 52.d5 Qd1+ 53.Kf5 Qf3 54.d6 Kf7 55.Ke5+ Ke8 56.Qh4 Kd7 57.Qh7+ Kc6
58.Qxe4+  1-0

[Event "TCh-BEL 2006-7"]
[Site "Belgium BEL"]
[Date "2006.11.05"]
[Round "3"]
[White "Van den Dikkenberg,E"]
[Black "Cnossen,W"]
[Result "0-1"]
[WhiteElo "2138"]
[BlackElo "2179"]

1.e4 e6 2.d4 d5 3.Nd2 Be7 4.Ngf3 Nf6 5.Bd3 c5 6.e5 Nfd7 7.c3 Nc6 8.O-O Qb6
9.dxc5 Nxc5 10.Bc2 g5 11.Qe2 Qc7 12.Re1 a5 13.Nd4 Nd7 14.Nxc6 bxc6 15.Qh5 Nxe5
16.f4 Ng6 17.fxg5 Ba6 18.Nf3 O-O-O 19.Be3 Bd6 20.Rad1 e5 21.Qg4+ Kb7 22.Kh1 Ka8
23.Bb3 e4 24.Nd4 Ne5 25.Qh5 Bc8 26.Qe2 Nd3 27.Rf1 h6 28.gxh6 Bxh2 29.Qh5 Bf4
30.Bxf4 Nxf4 31.Qg5 Rd6 32.Rxf4 Rdxh6+ 33.Kg1 Rg6 34.Rh4 Rxg5 35.Rxh8 Qg3
36.Rh2 Bh3 37.Ba4 Bxg2 38.Rh8+ Ka7 39.Nxc6+ Kb6 40.Rb8+ Kc7  0-1

[Event "TCh-ROM Divizia A Feminin"]
[Site "Predeal ROM"]
[Date "2006.11.05"]
[Round "2"]
[White "Peptan,C"]
[Black "Cosma,E"]
[Result "0-1"]
[WhiteElo "2428"]
[BlackElo "2364"]

1.e4 e6 2.d4 d5 3.Nd2 Nc6 4.Ngf3 Nf6 5.e5 Nd7 6.c3 a5 7.Bd3 Be7 8.O-O b6
9.Ne1 Ba6 10.f4 g6 11.Ndf3 Bxd3 12.Nxd3 Nf8 13.a4 Qd7 14.Bd2 h6 15.Qe2 Nb8
16.Qf2 Na6 17.b4 c5 18.bxc5 bxc5 19.Rab1 c4 20.Nc5 Nxc5 21.dxc5 Qc7 22.Be3 Nd7
23.Rb5 O-O 24.Rfb1 Rfb8 25.h4 Rxb5 26.Rxb5 h5 27.Kh2 Rb8 28.c6 Qxc6 29.Rxa5 Ra8
30.Rxa8+ Qxa8 31.Qc2 Bc5 32.Nd4 Nb6 33.f5 exf5 34.e6 fxe6 35.Nxf5 Bxe3 36.Nxe3 Kg7
37.Qb2 Nxa4 38.Qb4 Qa7 39.Qd6 Qf7 40.Qe5+ Qf6 41.Qc7+ Kh6 42.g4 Qxh4+ 43.Kg2 Qf6
44.gxh5 gxh5 45.Qh2 Qg5+ 46.Kf3 Nxc3 47.Ng2 Qf5+ 48.Ke3 e5  0-1

[Event "Open"]
[Site "Santo Domingo DOM"]
[Date "2006.11.06"]
[Round "9"]
[White "Jaquez,J"]
[Black "Montalvo,A"]
[Result "1/2-1/2"]
[WhiteElo "2195"]
[BlackElo "2218"]

1.e4 e6 2.d4 d5 3.Nd2 Nc6 4.Ngf3 Nf6 5.e5 Nd7 6.c3 f6 7.exf6 Qxf6 8.Bb5 Bd6
9.O-O O-O 10.Nb3 e5 11.Bxc6 bxc6 12.dxe5 Nxe5 13.Nxe5 Bxe5 14.f4 Bd6 15.Qd4 Ba6
16.Rf2 Qe7 17.Bd2 Rae8 18.g3 Bc4 19.Re1 c5 20.Rxe7 cxd4 21.Rxe8 Rxe8 22.Nxd4 Bxa2
23.b4 Bc4 24.Nc6 Bb5 25.Nxa7 Bd7 26.Rf1 c6 27.Kf2 Bc7 28.Be3 Rxe3 29.Kxe3 Bb6+
30.Kf3 Bxa7 31.Ra1 Bb6 32.Ra6 Bg1 33.Ra1  1/2-1/2

[Event "Open"]
[Site "Santo Domingo DOM"]
[Date "2006.11.06"]
[Round "9"]
[White "Estrada Nieto,J"]
[Black "Munoz,Li"]
[Result "1-0"]
[WhiteElo "2379"]
[BlackElo "2396"]

1.e4 e6 2.d4 d5 3.Nd2 Be7 4.Bd3 c5 5.dxc5 Nf6 6.Qe2 Nc6 7.Ngf3 Nb4 8.Nb3 a5
9.a4 Nxd3+ 10.cxd3 b6 11.e5 Nd7 12.c6 Nc5 13.Nbd4 Ba6 14.Nb5 Nb3 15.Rb1 Bb4+
16.Kf1 Nxc1 17.Rxc1 Bxb5 18.axb5 O-O 19.g3 a4 20.Kg2 Ra5 21.d4 Qc7 22.Ra1 Rfa8
23.Ra2 h6 24.Rha1 R8a7 25.Qd3 Ra8 26.h4 R8a7 27.Nh2 Bf8 28.Nf1 Qe7 29.Qc2 Rxb5
30.Rxa4 Rc7 31.Ra8 Ra5 32.R1xa5 bxa5 33.Qa4 Qb4 34.Qxb4 axb4 35.Ra6 f6 36.f4 Kf7
37.Nd2 Ke7 38.Nb3 Kd8 39.Na5 Rc8 40.Ra7 Rc7 41.Nb7+ Ke7 42.Ra6 g5 43.hxg5 hxg5
44.Kf3 Bh6 45.exf6+ Kxf6 46.Nd6 Ke7 47.Nb5 Rc8 48.Ra7+ Kd8 49.Rd7+  1-0

[Event "1st ch-Iberoamericano GpB"]
[Site "Ayamonte ESP"]
[Date "2006.11.07"]
[Round "4"]
[White "Mateo,Ra"]
[Black "Barrero Garcia,C"]
[Result "1-0"]
[WhiteElo "2415"]
[BlackElo "2313"]

1.e4 e6 2.d4 d5 3.Nd2 Be7 4.Ngf3 Nf6 5.Bd3 c5 6.e5 Nfd7 7.c3 Nc6 8.O-O a5
9.Bc2 cxd4 10.cxd4 g5 11.Nb1 g4 12.Ne1 Qb6 13.Be3 Qxb2 14.Nd2 Nxd4 15.Rb1 Qc3
16.Ne4 dxe4 17.Bxd4 Qc4 18.Bb3 Qc6 19.Ba4 Qd5 20.Nc2 Bc5 21.Bxc5 Qxc5 22.Ne3 b5
23.Rxb5 Qc7 24.Qd2 Ra6 25.Rc1 Rc6 26.Rbb1 Rxc1+ 27.Rxc1 Qb8 28.Nxg4 Ke7 29.Qg5+ Kf8
30.Qh6+  1-0

[Event "10th OIBM"]
[Site "Bad Wiessee GER"]
[Date "2006.11.07"]
[Round "4"]
[White "Bartels,Ho"]
[Black "Bogdanov,Val"]
[Result "0-1"]
[WhiteElo "2152"]
[BlackElo "2395"]

1.e4 e6 2.d4 d5 3.Nd2 Be7 4.Bd3 c5 5.exd5 Qxd5 6.Ngf3 cxd4 7.O-O Nf6 8.Nb3 e5
9.Qe2 Nc6 10.Bc4 Qd6 11.h3 O-O 12.Rd1 Qc7 13.Bg5 Nd7 14.Bxe7 Nxe7 15.c3 dxc3
16.Rac1 Ng6 17.Rxc3 Qb6 18.g3 Nf6 19.Nxe5 Nxe5 20.Qxe5 Bxh3 21.Qa5 Rad8 22.Rxd8 Qxd8
23.Rd3 Qc8 24.Bd5 Nxd5 25.Rxd5 Be6 26.Rc5 Qd7 27.Qd2 Qe7 28.Qc3 Rd8 29.Nd4 Qd6
30.Nxe6 Qxe6 31.Kg2 h6 32.a3 Qe4+ 33.Qf3 Qxf3+ 34.Kxf3 Rd3+ 35.Ke2 Rb3 36.Rc8+ Kh7
37.Rc2 b5 38.Kd2 a5 39.Kc1 a4 40.Rc5 g5 41.Kc2 Kg6 42.g4 f6 43.Rd5 h5 44.gxh5+ Kxh5
45.f4 Kg4 46.fxg5 fxg5  0-1

[Event "Petersburg Autumn"]
[Site "St Petersburg RUS"]
[Date "2006.11.07"]
[Round "8"]
[White "Eltsov,V"]
[Black "Rodkin,F"]
[Result "1/2-1/2"]
[WhiteElo "2111"]
[BlackElo "2171"]

1.e4 e6 2.d4 d5 3.Nd2 Nc6 4.Ngf3 Nf6 5.e5 Nd7 6.Nb3 a5 7.a4 Be7 8.h4 f6 9.Bb5 O-O
10.Bd2 fxe5 11.Bxc6 bxc6 12.dxe5 Bb4 13.Nbd4 Nb8 14.c3 Be7 15.Ng5 Bxg5 16.hxg5 Qe8
17.Qc2 Qg6 18.Qxg6 hxg6 19.b4 Bd7 20.Nb3 axb4 21.cxb4 Na6 22.Nc1 c5 23.b5 Nb4
24.Bxb4 cxb4 25.Nb3 Rf5 26.O-O Rxe5 27.Rfc1 Ra7 28.Nc5 Be8 29.Rab1 Kf7 30.f4 Re2
31.Rxb4 Ke7 32.Rb3 Rd2 33.Kh2 d4 34.Kg3 Bd7 35.Kf3 Bc8 36.g3 Bb7+ 37.Nxb7 Rxb7
38.Ke4 Ra7 39.Rc4 Ra2 40.Rbb4 Ra3 41.g4 d3 42.Ke3 Kd7 43.Kd2 Kc8 44.Re4 Kd7
45.Rbd4+ Kc8 46.Kc1 Ra2 47.Kd1 Kb7 48.Rxe6  1/2-1/2

[Event "10th OIBM"]
[Site "Bad Wiessee GER"]
[Date "2006.11.08"]
[Round "5"]
[White "Faibisovich,V"]
[Black "Kastek,T"]
[Result "1-0"]
[WhiteElo "2407"]
[BlackElo "2218"]

1.e4 e6 2.d4 d5 3.Nd2 Be7 4.Ngf3 Nf6 5.e5 Nfd7 6.Bd3 c5 7.c3 cxd4 8.cxd4 b6
9.Qe2 a5 10.Bb5 Ba6 11.a4 Qc8 12.O-O Nc6 13.Nb1 Bxb5 14.axb5 Nb4 15.Na3 Qb7
16.Bg5 Bxg5 17.Nxg5 h6 18.Nh3 g6 19.Rac1 O-O 20.Rc3 f5 21.exf6 Rxf6 22.Qe3 Na2
23.Rc6 Nf8 24.Qxh6 Rc8 25.Rxc8 Qxc8 26.Qd2 Nb4 27.Nf4 Qb8 28.g3 Qd6 29.Re1 Rf7
30.h4 Rf5 31.Qe3 Kf7 32.Nh3 Ke7 33.Ng5 Kd7 34.Nf3  1-0

[Event "Petersburg Autumn"]
[Site "St Petersburg RUS"]
[Date "2006.11.08"]
[Round "9"]
[White "Ivkina,O"]
[Black "Gorovykh,E"]
[Result "1/2-1/2"]
[WhiteElo "2206"]
[BlackElo "2341"]

1.e4 e6 2.d4 d5 3.Nd2 Nc6 4.c3 e5 5.Bb5 exd4 6.cxd4 dxe4 7.Nxe4 Bb4+ 8.Nc3 Qd5
9.Qe2+ Ne7 10.Nf3 O-O 11.a3 Bxc3+ 12.bxc3 Bg4 13.Bc4 Qh5 14.O-O Nf5 15.h3 Bxf3
16.Qxf3 Qxf3 17.gxf3 Na5 18.Bd5 c6 19.Be4 Nd6 20.Bf4 Nb5 21.Bd3 Rac8 22.Rfe1 Rfe8
23.a4 Rxe1+ 24.Rxe1 Na3 25.Re7 a6 26.Bc1 N3c4 27.Bxc4 Nxc4 28.Rxb7 f6 29.Bf4 g5
30.Bc7 Kf7 31.a5 Ke6 32.Bb6 Ra8 33.Kf1 h5 34.Ke2 Kd5 35.Kd3 Nb2+ 36.Kc2 Nc4
37.Kd3 Nb2+ 38.Kc2 Nc4 39.Kd3 Nb2+ 40.Kc2  1/2-1/2

[Event "10th OIBM"]
[Site "Bad Wiessee GER"]
[Date "2006.11.09"]
[Round "6"]
[White "Karpatchev,A"]
[Black "Hammes,M"]
[Result "1/2-1/2"]
[WhiteElo "2515"]
[BlackElo "2361"]

1.e4 e6 2.d4 d5 3.Nd2 a6 4.Ngf3 c5 5.dxc5 Bxc5 6.Bd3 Nc6 7.a3 Nge7 8.O-O O-O
9.b4 Ba7 10.Bb2 Ng6 11.Nb3 b5 12.e5 Bd7 13.Re1 a5 14.Qd2 a4 15.Nbd4 Nxd4
16.Bxd4 Nh4 17.Nxh4 Qxh4 18.c3 Rfc8 19.Re3 h6 20.Rh3 Qg5 21.f4 Qd8 22.Rf1 Kf8
23.f5 Bxd4+ 24.cxd4 exf5 25.Bxf5 Bxf5 26.Rxf5 Ra6 27.Rhf3 Rc7 28.h3 Qe8 29.Kh2 Rg6
30.Qd3 Re6 31.R5f4 Kg8 32.Rg4 Qc6 33.Rfg3 g6 34.Rh4 Kg7 35.Rf4 Qc4 36.Qf3 Qc6
37.h4 f6 38.h5 fxe5 39.dxe5 g5 40.Rf5 d4 41.Qf4 Qe8 42.Qg4 Rf7 43.Rxf7+ Qxf7
44.Rf3 Qe8 45.Rd3 Rxe5 46.Rxd4 Re7 47.Rd6 Re4 48.Rd7+ Kg8 49.Rd8  1/2-1/2

[Event "10th OIBM"]
[Site "Bad Wiessee GER"]
[Date "2006.11.09"]
[Round "6"]
[White "Degraeve,JM"]
[Black "Bogdanov,Val"]
[Result "1/2-1/2"]
[WhiteElo "2551"]
[BlackElo "2395"]

1.e4 e6 2.d4 d5 3.Nd2 a6 4.Ngf3 c5 5.dxc5 Bxc5 6.Bd3 Nf6 7.O-O Nc6 8.exd5 Nxd5
9.Ne4 Be7 10.c4 Nf6 11.Qe2 Qc7 12.Nxf6+ Bxf6 13.Be3 Ne5 14.Bf4 Nxf3+ 15.Qxf3 e5
16.Rfe1 Be6 17.Bg3 Rd8 18.Be4 Qxc4 19.Bxb7 O-O 20.Qe2 Qxe2 21.Rxe2 Bc4 22.Re3 Rb8
23.b3 Rxb7 24.bxc4 Rb4 25.c5 Rc8 26.Bxe5 Bxe5 27.Rxe5 Rc4  1/2-1/2

[Event "TCh-NOR 2006-7"]
[Site "Oslo NOR"]
[Date "2006.11.10"]
[Round "1"]
[White "Fossan,P"]
[Black "Hammerstad,A"]
[Result "0-1"]
[WhiteElo "2282"]
[BlackElo "2223"]

1.e4 e6 2.d4 d5 3.Nd2 Nc6 4.Ngf3 Nf6 5.e5 Nd7 6.c3 f6 7.Bb5 fxe5 8.dxe5 a6
9.Bxc6 bxc6 10.O-O c5 11.Qa4 Rb8 12.Nb3 Rb5 13.Qg4 Qe7 14.h4 g6 15.h5 Bg7
16.Re1 gxh5 17.Qxh5+ Qf7 18.Qh4 Qg6 19.Re2 O-O 20.Bf4 Bb7 21.Bg3 Bc6 22.Qg5 Qf7
23.Rc1 Kh8 24.c4 Rb4 25.cxd5 Bxd5 26.Nxc5 Nxc5 27.Rxc5 c6 28.a3 h6 29.Qd2 Rg4
30.Nh2 Rg6 31.Nf1 h5 32.Ne3 Bh6 33.Bh4 Rxg2+ 34.Nxg2 Bxd2 35.Bf6+ Kh7 36.Rxd2 Rg8
37.f3 h4 38.Kh2 Qg6 39.Bxh4 Bxf3 40.Rcc2 Be4 41.Rc3 Bxg2 42.Rg3 Qh6 43.Rd7+ Kh8
44.Rh3 Bxh3 45.Bf6+ Qxf6 46.exf6 Bf5 47.Ra7 Be4 48.Rxa6 Rf8 49.Ra4 Bd5 50.Rf4 Kh7  0-1

[Event "10th OIBM"]
[Site "Bad Wiessee GER"]
[Date "2006.11.11"]
[Round "8"]
[White "Haas,F"]
[Black "Meinhardt,Ma"]
[Result "0-1"]
[WhiteElo "2192"]
[BlackElo "2381"]

1.e4 e6 2.d4 d5 3.Nd2 Nc6 4.Ngf3 Nf6 5.e5 Nd7 6.Nb3 a5 7.Bf4 Be7 8.Bb5 a4
9.Nc1 Ra5 10.Be2 b6 11.Nd3 Ncb8 12.h4 c5 13.c3 Nc6 14.Rh3 h6 15.Bd2 Qc7 16.Nf4 b5
17.c4 bxc4 18.Bxc4 cxd4 19.Bxd5 Rxd5 20.Nxd5 exd5 21.Qxa4 Nc5  0-1

[Event "10th OIBM"]
[Site "Bad Wiessee GER"]
[Date "2006.11.11"]
[Round "8"]
[White "Valenti,G"]
[Black "Senk,C"]
[Result "1/2-1/2"]
[WhiteElo "2252"]
[BlackElo "2137"]

1.e4 e6 2.d4 d5 3.Nd2 Be7 4.e5 Nh6 5.Ndf3 Nf5 6.c3 h5 7.Bd3 c5 8.Ne2 Nc6
9.Ng3 cxd4 10.Nxf5 exf5 11.cxd4 Be6 12.h4 Qa5+ 13.Kf1 Qb6 14.g3 Rc8 15.a3 Na5
16.b4 Nc4 17.Kg2 g6 18.Rb1 Kf8 19.Qb3 Kg7 20.Bf4 Rc7 21.Rhc1 Rhc8 22.a4 Qc6
23.Ng5 b5 24.a5 a6 25.Be2 Rh8 26.Qd1 Qd7 27.Bf3 Kf8 28.Nh3 Ke8 29.Bg5 Bxg5
30.hxg5 h4 31.Qe1 hxg3 32.fxg3 Qe7 33.Rc3 Rd7 34.Qc1 Rd8 35.Qf4 Qa7 36.Nf2 Ke7
37.Nd3 Rh7 38.Nc5 Rdh8 39.Kg1 Qa8 40.Kf1 Qc6 41.Bg2 Kd8 42.Qc1 Kc7 43.Qf4 Kb8  1/2-1/2

[Event "TCh-NOR 2006-7"]
[Site "Oslo NOR"]
[Date "2006.11.11"]
[Round "2"]
[White "Bentsen,O"]
[Black "Hammerstad,A"]
[Result "0-1"]
[WhiteElo "2184"]
[BlackElo "2223"]

1.e4 e6 2.d4 d5 3.Nd2 Nc6 4.c3 e5 5.exd5 Qxd5 6.dxe5 Nxe5 7.Ngf3 Nd3+ 8.Bxd3 Qxd3
9.Qa4+ Bd7 10.Qc4 Qxc4 11.Nxc4 Bb5 12.Ne3 O-O-O 13.c4 Bc6 14.Ne5 Bb4+ 15.Ke2 Be8
16.Nd5 Bd6 17.Bf4 g5 18.Bg3 f5 19.f4 Bh5+ 20.Kf2 c6 21.Nc3 Nf6 22.Rae1 Ne4+
23.Nxe4 fxe4 24.Rxe4 gxf4 25.Bxf4 Rde8 26.g3 Rhf8 27.Ke1 Bf3 28.Nxf3 Rxe4+
29.Kd1 Bxf4 30.gxf4 Rxc4  0-1

[Event "10th OIBM"]
[Site "Bad Wiessee GER"]
[Date "2006.11.12"]
[Round "9"]
[White "Gomez,Joh"]
[Black "De Francesco,K"]
[Result "1-0"]
[WhiteElo "2387"]
[BlackElo "2280"]

1.e4 e6 2.d4 d5 3.Nd2 a6 4.Bd3 Nf6 5.e5 Nfd7 6.Ne2 c5 7.c3 Nc6 8.O-O Be7
9.f4 Qb6 10.Nf3 g6 11.a3 c4 12.Bc2 Na5 13.Rb1 Qc7 14.g4 h5 15.h3 Nf8 16.Be3 Bd7
17.Ng3 hxg4 18.hxg4 O-O-O 19.Kg2 Kb8 20.Rh1 Rg8 21.Rh6 Bc6 22.Qh1 Nd7 23.Rh7 Rdf8
24.Qh6 Ka7 25.Ng5 Bxg5 26.Qxg5 Rh8 27.Rxh8 Rxh8 28.Qe7 Rf8 29.f5 gxf5 30.gxf5 Qd8
31.Qxd8 Rxd8 32.f6 Nxe5 33.Bf4 Ng4 34.Kf3 Rg8 35.Nh5 e5 36.dxe5 d4+ 37.Be4 d3
38.Ng7 Bxe4+ 39.Kxe4 Nb3 40.Kf5 Nf2 41.Be3+ b6 42.Bxf2 d2  1-0

[Event "1st ch-Iberoamericano KO 7th-8th"]
[Site "Ayamonte ESP"]
[Date "2006.11.17"]
[Round "2.1"]
[White "Zambrana,O"]
[Black "Prasca,R"]
[Result "1-0"]
[WhiteElo "2427"]
[BlackElo "2448"]

1.e4 e6 2.d4 d5 3.Nd2 Be7 4.Bd3 c5 5.dxc5 Nf6 6.Qe2 Nc6 7.c3 Bxc5 8.Ngf3 Qc7
9.O-O dxe4 10.Nxe4 Be7 11.Rd1 b6 12.Bg5 Bb7 13.a4 h6 14.Nxf6+ Bxf6 15.Bxf6 gxf6
16.Be4 Kf8 17.Nd4 Nxd4 18.Rxd4 Bxe4 19.Qxe4 Ke7 20.a5 bxa5 21.Rc4 Qd7 22.g3 Rab8
23.Rxa5 Rxb2 24.Rac5 Qd1+ 25.Kg2 Rd8 26.Rc7+ Rd7 27.Qc6 Rxc7 28.Qxc7+ Kf8
29.Rd4 Qe2 30.Kh3 f5 31.Rf4 Qf1+ 32.Kh4 Kg7 33.Qe5+ Kf8 34.Qf6 Qe2 35.Rd4 Rd2
36.Qh8+  1-0

[Event "Bundesliga 2006-7"]
[Site "Wattenscheid GER"]
[Date "2006.11.18"]
[Round "3"]
[White "Sokolov,Andrei3"]
[Black "Bartel,Mat"]
[Result "1/2-1/2"]
[WhiteElo "2180"]
[BlackElo "2569"]

1.e4 e6 2.d4 d5 3.Nd2 a6 4.Ngf3 Nf6 5.Bd3 c5 6.dxc5 dxe4 7.Nxe4 Nxe4 8.Bxe4 Qxd1+
9.Kxd1 Bxc5 10.Ke2 Nd7 11.Bd2 Bd6 12.c4 f5 13.Bc2 Ne5 14.Ba4+ Kf7 15.Nxe5+ Bxe5
16.Bc3 Bc7 17.Rad1 e5 18.Bd7 Rd8 19.Bxc8 Raxc8 20.Rxd8  1/2-1/2

[Event "LXXI ch-ESP GpA"]
[Site "Leon ESP"]
[Date "2006.11.23"]
[Round "2"]
[White "Narciso Dublan,M"]
[Black "Del Rio Angelis,S"]
[Result "1/2-1/2"]
[WhiteElo "2511"]
[BlackElo "2492"]

1.e4 e6 2.d4 d5 3.Nd2 a6 4.Ngf3 c5 5.dxc5 Bxc5 6.Bd3 Nf6 7.Qe2 Nc6 8.O-O Qc7
9.c3 Ba7 10.exd5 Nxd5 11.Nc4 f6 12.Rd1 Bd7 13.Be4 O-O-O 14.Bxd5 exd5 15.Rxd5 Bg4
16.Rxd8+ Rxd8 17.Be3 b5 18.Bxa7 bxc4 19.Be3 Ne5 20.Bd4 Nxf3+ 21.gxf3 Bf5
22.b3 Qc6 23.bxc4 Qe8 24.Qd2 Qg6+ 25.Kh1 Bh3 26.Rg1 Qf5 27.Qe2 Rd7 28.c5 Qe6
29.Qe4 Qxe4 30.fxe4 Be6 31.a3 Bc4 32.h4 Bb5 33.Kh2 Bc6 34.f3 Rb7 35.h5 h6
36.Kh3 Kd8 37.Kh4 Ke8 38.e5 fxe5 39.Bxe5 Bxf3 40.Bxg7 Rb2 41.Bxh6 Rh2+ 42.Kg3 Rxh5
43.Be3 Bd5 44.Rb1 Re5 45.Bd4 Re6 46.Kf4 Kd7 47.Be5 Kc6 48.Bd6 Re4+ 49.Kf5 Ra4
50.Rb6+ Kd7 51.Be5 Bc6 52.Rb2 Be4+ 53.Kf6 Rxa3 54.Rd2+ Kc6 55.Ke6 Ra1 56.Bd4 Bd5+
57.Ke5 Re1+ 58.Kf5 Rf1+ 59.Ke5 Re1+ 60.Kf5 Rf1+  1/2-1/2

[Event "Capablanca mem Open"]
[Site "Havana CUB"]
[Date "2006.11.27"]
[Round "7"]
[White "De la Paz,F"]
[Black "Lawson,E"]
[Result "0-1"]
[WhiteElo "2442"]
[BlackElo "2393"]

1.e4 e6 2.d4 d5 3.Nd2 Be7 4.Bd3 c5 5.dxc5 Nf6 6.Qe2 O-O 7.Ngf3 a5 8.a3 Nfd7
9.exd5 exd5 10.Nb3 Na6 11.Nbd4 Naxc5 12.Bb5 Nf6 13.O-O Bd7 14.Bg5 Re8 15.Rfd1 Nce4
16.Qd3 Nxf2 17.Kxf2 Ne4+ 18.Kf1 Bxg5 19.Bxd7 Qxd7 20.Ne2 Bf6 21.c4 Bxb2 22.Rab1 Nc5
23.Qc2 Bxa3 24.Rxd5 Qe7 25.Ned4 Bb4 26.Re5 Qf8 27.Rd5 g6 28.Nb5 Rad8 29.Nc7 Rxd5
30.Nxd5 Ne4 31.g3 Qc5 32.Rd1 f5 33.Kg2 b5 34.Rd4 g5 35.Nxb4 g4 36.Rd3 gxf3+
37.Rxf3 axb4 38.Qd1 bxc4 39.Qd7 Qc8 40.Qb5 Ng5 41.Rxf5 Qa8+  0-1

[Event "19th Belgrade Trophy"]
[Site "Belgrade SRB"]
[Date "2006.11.28"]
[Round "7"]
[White "Stojanovic,An"]
[Black "Vojinovic,J"]
[Result "0-1"]
[WhiteElo "2250"]
[BlackElo "2115"]

1.e4 e6 2.d4 d5 3.Nd2 Be7 4.c3 c5 5.dxc5 Nf6 6.exd5 Qxd5 7.b4 a5 8.Ngf3 Nc6
9.Bc4 Qh5 10.Rb1 O-O 11.O-O Nd5 12.Bxd5 exd5 13.b5 Nd8 14.Re1 Be6 15.Ba3 b6
16.c4 dxc4 17.Nxc4 bxc5 18.Re5 Qg4 19.Ne3 Qg6 20.Bxc5 Bxc5 21.Rxc5 Bxa2 22.Ra1 Be6
23.Rc7 Bg4 24.Nd5 Kh8 25.Ne5 Bxd1 26.Nxg6+ hxg6 27.Rxd1 Ne6 28.Rc4 Rfd8 29.f3 g5
30.Kf2 Rab8 31.b6 Rxb6 32.Nxb6 Rxd1 33.Ra4 Rd2+ 34.Kg1 Rb2 35.Nd5 Rb5 36.Nc3 Rf5
37.Kf2 Nc5 38.Ra2 Nd3+ 39.Kg3 Kh7 40.h4 gxh4+ 41.Kxh4 g5+ 42.Kg3 Kg6 43.Rd2 Nc5
44.Ra2 Ne6 45.Ne4 Nd4 46.Kf2 Rd5 47.Ke3 Nc6 48.Nd2 f5 49.g3 Kf6 50.Ra4 Ke6
51.Nc4 Rb5 52.Ra3 Kd5 53.Kd3 Kc5 54.Kc3 Kd5 55.Ne3+ Ke6 56.Kc4 Rb1 57.Kc5 Rc1+
58.Kb5 Nd4+ 59.Kxa5 Nxf3 60.Kb4 Nd4 61.Ra6+ Ke5 62.Nc4+ Ke4  0-1

[Event "66th ch-ITA"]
[Site "Cremona ITA"]
[Date "2006.12.02"]
[Round "10"]
[White "Godena,M"]
[Black "Contin,D"]
[Result "1-0"]
[WhiteElo "2522"]
[BlackElo "2386"]

1.e4 e6 2.d4 d5 3.Nd2 Nc6 4.Ngf3 Nf6 5.e5 Nd7 6.Be2 f6 7.exf6 Qxf6 8.Nb3 Bd6
9.O-O O-O 10.c4 b6 11.Bg5 Qf7 12.Bh4 Nf6 13.c5 bxc5 14.dxc5 Bf4 15.g3 Bh6
16.Bb5 Nb8 17.Ne5 Qe7 18.Ng4 c6 19.Ba4 e5 20.Bxf6 Rxf6 21.Nxf6+ Qxf6 22.Na5 Qe6
23.Bb3 Bd7 24.Qe2 g6 25.Rfe1 Bg7 26.Nc4 e4 27.Nd6 a5 28.Qc2 a4 29.Bxa4 Qh3
30.Bb3 Be6 31.Nxe4 dxe4 32.Rxe4 Bd5 33.Bxd5+ cxd5 34.Re8+ Kf7 35.Rae1 Qd7
36.c6 Nxc6 37.Rxa8 Nd4 38.Qd3 Qg4 39.Ra7+ Kf8 40.Qa3+  1-0

[Event "XV Asiad Men's Rapid"]
[Site "Doha QAT"]
[Date "2006.12.03"]
[Round "4"]
[White "Surbir,L"]
[Black "Hassan,Ab"]
[Result "1/2-1/2"]
[WhiteElo "2095"]
[BlackElo "2311"]

1.e4 e6 2.d4 d5 3.Nd2 Be7 4.Ngf3 Nf6 5.e5 Nfd7 6.Bd3 c5 7.c3 b6 8.O-O Ba6
9.Qe2 Bxd3 10.Qxd3 Nc6 11.a3 cxd4 12.cxd4 Rc8 13.Rd1 O-O 14.Nf1 Na5 15.Ne3 Nc4
16.Nxc4 dxc4 17.Qe4 Re8 18.Bf4 b5 19.a4 b4 20.d5 exd5 21.Rxd5 Nc5 22.Qxc4 Qb6
23.Be3 Na6 24.Bxb6 Rxc4 25.Bxa7 Rc2 26.Bd4 Nc5 27.Ne1 Rc4 28.Bxc5 Bxc5 29.Nd3 Bd4
30.Kf1 f6 31.exf6 Bxf6 32.Re1 Ra8 33.a5 b3 34.Rb5 Ra4 35.g3 R4xa5 36.Rxb3 Rd5
37.Re2 Rad8 38.Nf4 Rd1+ 39.Kg2 R1d2 40.Rxd2 Rxd2 41.Rb8+ Kf7 42.b4 Bd4 43.Nh3 h6
44.g4 Rb2 45.b5 Ke7 46.Kf3 Kd6 47.Ke4 Bf6 48.f4 Rxh2 49.Ng1 Rg2 50.Nf3 Rxg4
51.Kf5 Rg3 52.Ne5 Rb3 53.b6 Rb5 54.Kg6 Bxe5 55.fxe5+ Rxe5 56.Kxg7 Kc6 57.Rh8 Kxb6  1/2-1/2